000
00405nam a2200133Ia 4500
008
100328s9999 xx 000 0 und d
082
_b
72023
100
_a
कुलकर्णी जी.ए.
245
_a
एक अरबी कहाणी
260
_b
ब्लू बर्ड.
630
_a
एक अरबी कहाणी
730
_a
एक अरबी कहाणी
942
_c
BOOK
999
_c
557746
_d
557743